|
|
|
|
| LEADER |
00000nas a2200000 4500 |
| 001 |
ssj0025157 |
| 003 |
WaSeSS |
| 005 |
20200512172242.0 |
| 006 |
m d |
| 007 |
cr n |
| 008 |
740223d19731986coumr p s 0 a0eng |
| 010 |
|
|
|a 73647348
|
| 022 |
|
|
|l 0092-5071
|y 0092-5071
|
| 035 |
|
|
|a (WaSeSS)ssj0025157
|
| 037 |
|
|
|b Wiesner, Inc., 5951 S. Middlefield #204, Littleton, CO 80123
|
| 040 |
|
|
|a DLC
|b eng
|c DLC
|d NSD
|d OCL
|d NSD
|d AIP
|d MUL
|d NST
|d HUL
|d DLC
|d NST
|d NSD
|d OCLCQ
|d OCLCO
|d OCLCF
|d OCLCA
|d OCLCQ
|d WaSeSS
|
| 042 |
|
|
|a pcc
|a nsdp
|
| 043 |
|
|
|a n-us-co
|
| 050 |
0 |
0 |
|a HC107.C7
|b C587
|
| 082 |
0 |
4 |
|a 330.9/788/03
|
| 210 |
0 |
|
|a Colo. bus.
|b (Denver. 1973)
|
| 222 |
|
0 |
|a Colorado business
|b (Denver. 1973)
|
| 245 |
0 |
0 |
|a Colorado business
|h [electronic resource].
|
| 260 |
|
|
|a [Denver],
|b [Titsch Pub., etc.]
|
| 310 |
|
|
|a Monthly,
|b <Feb. 1982->
|
| 321 |
|
|
|a Sixty-three nos. a year,
|b <July 1981->
|
| 321 |
|
|
|a Semimonthly
|
| 321 |
|
|
|a Monthly
|
| 362 |
0 |
|
|a v. 1-13, no. 6; Oct. 1, 1973-June 1986.
|
| 506 |
|
|
|a License restrictions may limit access.
|
| 650 |
|
7 |
|a Commerce.
|2 fast
|0 (OCoLC)fst00869279
|
| 650 |
|
7 |
|a Economic history.
|2 fast
|0 (OCoLC)fst00901974
|
| 651 |
|
0 |
|a Colorado
|x Economic conditions
|v Periodicals.
|
| 651 |
|
0 |
|a Colorado
|x Commerce
|v Periodicals.
|
| 651 |
|
7 |
|a Colorado.
|2 fast
|0 (OCoLC)fst01210251
|
| 655 |
|
0 |
|a Electronic journals.
|
| 785 |
0 |
0 |
|t Colorado business magazine
|x 0898-6363
|w (DLC) 86642583
|w (OCoLC)13909372
|
| 850 |
|
|
|a DLC
|a IC
|a InLP
|
| 856 |
4 |
0 |
|z Full text available from Research Library: 06/01/1986 to 06/30/1986
|u https://search.proquest.com/publication/30406
|